| 000 | 00752nam a22002297a 4500 | ||
|---|---|---|---|
| 003 | 0 | ||
| 005 | 20250826102732.0 | ||
| 008 | 250826b xxu||||| |||| 00| 0 eng d | ||
| 020 | _a978-93-5751-618-1 | ||
| 050 |
_aPN 98.C7 _b.P73 2025 |
||
| 100 |
_aPrasad, Yasodhara, _eauthor. |
||
| 245 |
_aA Companion to critical and cultural theory / _cYasodhara Prasad. |
||
| 250 | _a1st ed. | ||
| 260 |
_aNew Delhi, India : _bRandom Publications LLP, _c2025. |
||
| 300 |
_axi, 354 pages : _billustrations ; _c24 cm. |
||
| 504 | _aIncludes bibliographical references and index. | ||
| 650 | _aCritical theory. | ||
| 650 |
_aCulture _xPhilosophy. |
||
| 650 |
_aLiterature _xHistory and criticism _vTheory, etc. |
||
| 650 | _aCultural studies. | ||
| 942 |
_2lcc _cBK |
||
| 999 |
_c367607 _d367607 |
||